MARC details
| 000 -LEADER |
| fixed length control field |
02537cam a22003375a 4500 |
| 001 - CONTROL NUMBER |
| control field |
L144271 |
| 008 - FIXED-LENGTH DATA ELEMENTS--GENERAL INFORMATION |
| fixed length control field |
080707s2008 xxkd f 000 0 eng d |
| 035 ## - SYSTEM CONTROL NUMBER |
| System control number |
(Sirsi) u144271 |
| 041 0# - LANGUAGE CODE |
| Language code of text/sound track or separate title |
eng |
| 050 04 - LIBRARY OF CONGRESS CALL NUMBER |
| Classification number |
690.241 $2 18 |
| 110 2# - MAIN ENTRY--CORPORATE NAME |
| Corporate name or jurisdiction name as entry element |
English Heritage |
| 9 (RLIN) |
2714 |
| 245 00 - TITLE STATEMENT |
| Title |
Enabling development and the conservation of significant places |
| Medium |
[electronic resource] |
| 260 ## - PUBLICATION, DISTRIBUTION, ETC. |
| Date of publication, distribution, etc. |
2008 |
| 505 2# - FORMATTED CONTENTS NOTE |
| Formatted contents note |
The concept of enabling development -- Roles and responsibilities -- The legal basis for requiring the justification necessary to determine planning applications -- Understanding the place and identifying options -- Understanding the figures -- Making the decision -- Securing the benefits -- Monitoring and enforcement -- Appendices |
| 520 ## - SUMMARY, ETC. |
| Summary, etc. |
Discusses development and conservation of historically significant places. Guidance applies only to development contrary to established planning policy, not proposals to secure the future of significant places that are in accordance with the local development framework and national policy. The policy itself sits within the framework provided by Principles, Policies and Guidance for the sustainable management of the historic environment (2008), and detailed practical guidance provided here should be applied within the context provided by it. Both documents should be used in conjunction with, the criteria set out in PPG 15, Planning and the Historic Environment and PPG 16, Archaeology and Planning. |
| 521 ## - TARGET AUDIENCE NOTE |
| Target audience note |
Advanced |
| 590 ## - LOCAL NOTE (RLIN) |
| Local note |
KA |
| 650 24 - SUBJECT ADDED ENTRY--TOPICAL TERM |
| Topical term or geographic name entry element |
PLANNING POLICY GUIDANCE 15 (PLANNING AND THE HISTORIC ENVIRONMENT) |
| 650 24 - SUBJECT ADDED ENTRY--TOPICAL TERM |
| Topical term or geographic name entry element |
PLANNING POLICY GUIDANCE 16 (ARCHAEOLOGY AND PLANNING) |
| 650 24 - SUBJECT ADDED ENTRY--TOPICAL TERM |
| Topical term or geographic name entry element |
R V WESTMINSTER CITY COUNCIL EX PARTE MONAHAN |
| 650 24 - SUBJECT ADDED ENTRY--TOPICAL TERM |
| Topical term or geographic name entry element |
NORTHUMBERLAND COUNTY COUNCIL V SECRETARY OF STATE FOR THE ENVIRONMENT |
| 650 24 - SUBJECT ADDED ENTRY--TOPICAL TERM |
| Topical term or geographic name entry element |
TOWN AND COUNTRY PLANNING ACT 1990 S215 |
| 650 24 - SUBJECT ADDED ENTRY--TOPICAL TERM |
| Topical term or geographic name entry element |
TOWN AND COUNTRY PLANNING (APPLICATIONS) REGULATIONS 1988 (SI1988/1812) |
| 650 24 - SUBJECT ADDED ENTRY--TOPICAL TERM |
| Topical term or geographic name entry element |
TOWN AND COUNTRY PLANNING (GENERAL DEVELOPMENT PROCEDURE) ORDER 1995 (SI 1995/419) |
| 650 24 - SUBJECT ADDED ENTRY--TOPICAL TERM |
| Topical term or geographic name entry element |
TOWN AND COUNTRY PLANNING (ENVIRONMENTAL IMPACT ASSESSMENT) (ENGLAND AND WALES) REGULATIONS 1999 (SI 1999/293) |
| 650 24 - SUBJECT ADDED ENTRY--TOPICAL TERM |
| Topical term or geographic name entry element |
PLANNING POLICY STATEMENT 7 (SUSTAINABLE DEVELOPMENT IN RURAL AREAS) |
| 651 #4 - SUBJECT ADDED ENTRY--GEOGRAPHIC NAME |
| Geographic name |
England and Wales |
| Chronological subdivision |
1543- |
| 690 ## - LOCAL SUBJECT ADDED ENTRY--TOPICAL TERM (OCLC, RLIN) |
| Topical term or geographic name as entry element |
BUILT ENVIRONMENT-BUILDING MAINTENANCE AND REFURBISHMENT-BUILDING CONSERVATION |
| 856 48 - ELECTRONIC LOCATION AND ACCESS |
| Uniform Resource Identifier |
<a href="https://www.helm.org.uk/server/show/nav.005005001/chooseLetter/E">https://www.helm.org.uk/server/show/nav.005005001/chooseLetter/E</a> |
| Public note |
View the report for free online at www.helm.org.uk |
| 942 ## - ADDED ENTRY ELEMENTS (KOHA) |
| Suppress in OPAC |
0 |